[Event "XLI Rilton Cup 2011-12"]
[Site "Stockholm SWE"]
[Date "2012.01.02"]
[Round "6"]
[White "Lindberg,Be"]
[Black "Ivanov,Sergey1"]
[Result "0-1"]
[WhiteElo "2415"]
[BlackElo "2537"]

1.e4 c5 2.Nf3 Nc6 3.d4 cxd4 4.Nxd4 e6 5.Nc3 Qc7 6.Be3 a6 7.Be2 Nf6 8.a3 b5
9.Nxc6 dxc6 10.f4 Bb7 11.e5 Rd8 12.Qc1 Nd7 13.O-O Be7 14.Ne4 c5 15.Bf3 Nb6
16.b3 O-O 17.c4 Rd3 18.cxb5 axb5 19.Bxc5 Rxb3 20.Bxe7 Qxe7 21.Qc5 Qd8 22.Rad1 Bd5
23.Nd2 Na4 24.Qd4 Rxa3 25.Bxd5 Nc3 26.Qc5 Nxd1 27.Rxd1 Rd3  0-1

[Event "Cracovia Open A"]
[Site "Krakow POL"]
[Date "2012.01.03"]
[Round "8.16"]
[White "Toma,K"]
[Black "Hommerson,P"]
[Result "1-0"]
[WhiteElo "2297"]
[BlackElo "2215"]

1.e4 c5 2.Nf3 e6 3.d4 cxd4 4.Nxd4 Nc6 5.Nc3 Qc7 6.Be2 a6 7.a4 Nf6 8.O-O Nxd4
9.Qxd4 Bd6 10.Kh1 Be5 11.Qe3 O-O 12.f4 Bxc3 13.bxc3 d5 14.e5 Ne4 15.c4 Bd7
16.Ba3 Rfe8 17.Bd3 Bxa4 18.cxd5 exd5 19.Bxe4 dxe4 20.Bd6 Qxc2 21.f5 Bb5 22.Rfe1 Rad8
23.f6 gxf6 24.Qh6 fxe5 25.Qg5+ Kh8 26.Bxe5+ Rxe5 27.Qxe5+ Kg8 28.Qg5+  1-0

[Event "XLI Rilton Cup 2011-12"]
[Site "Stockholm SWE"]
[Date "2012.01.03"]
[Round "7"]
[White "Cederstam-Barsk,Carl"]
[Black "Glimbrant,T"]
[Result "0-1"]
[WhiteElo "2129"]
[BlackElo "2250"]

1.e4 c5 2.Nf3 e6 3.Nc3 Nc6 4.d4 cxd4 5.Nxd4 d6 6.Be3 Nf6 7.Be2 Be7 8.O-O O-O
9.f4 e5 10.Nb3 exf4 11.Bxf4 Ne5 12.Kh1 Be6 13.Qe1 Rc8 14.Rd1 Qc7 15.Qg3 a6
16.Bg5 Kh8 17.Nd4 b5 18.a3 Qb7 19.Bd3 Ng8 20.Be3 Bf6 21.Nf5 Bxf5 22.exf5 Nxd3
23.Rxd3 Be5 24.Bf4 Rfe8 25.Qh4 Nf6 26.Bg5 Rc4 27.Qh3 b4 28.axb4 Qxb4 29.Bxf6 Bxf6
30.Qh5 Rf4 31.Rfd1 Bxc3 32.Qxf7 Qe4 33.h3 Rxf5 34.Qd7 Rg5 35.Rf3 Bf6 36.Rdf1 h6
37.Qxd6 Qxc2 38.R3f2 Qe4 39.Qxa6 Rg3 40.Rf3 Rxf3 41.Rxf3 Qb1+ 42.Rf1 Re1  0-1

[Event "17th Bosnjaci Open"]
[Site "Bosnjaci CRO"]
[Date "2012.01.04"]
[Round "3.1"]
[White "Jovanovic,Zo CRO"]
[Black "Kristovic,M"]
[Result "1-0"]
[WhiteElo "2556"]
[BlackElo "2269"]

1.e4 c5 2.Nc3 e6 3.Nge2 Nc6 4.d4 cxd4 5.Nxd4 d6 6.Be3 Nf6 7.Bc4 a6 8.Bb3 Bd7
9.Qe2 Nxd4 10.Bxd4 e5 11.Be3 h6 12.O-O-O Be7 13.Kb1 Rc8 14.Nd5 Nxd5 15.Bxd5 Bc6
16.f4 Qc7 17.f5 Bxd5 18.Rxd5 Qc4 19.Qd3 Qxd3 20.cxd3 Rc6 21.Rd1 Bg5 22.Bf2 h5
23.a3 f6 24.d4 O-O 25.dxe5 dxe5 26.Rc5 Rfc8 27.b4 b6 28.Rxc6 Rxc6 29.Kb2 Rc4
30.Bxb6 Rxe4 31.Kb3 Re2 32.a4 e4 33.a5 Be3 34.Ra1 Bf4 35.b5 axb5 36.a6 Bb8
37.Rd1 Be5 38.a7 Rb2+ 39.Ka3 b4+ 40.Ka4 Ra2+ 41.Kxb4 Bc7 42.Bd4 Bd6+ 43.Kb5 e3
44.Bxe3  1-0

[Event "Northern California International"]
[Site "Fremont USA"]
[Date "2012.01.05"]
[Round "6"]
[White "Viswanadha,Kesav"]
[Black "Kleinman,Michael"]
[Result "0-1"]
[WhiteElo "1987"]
[BlackElo "2275"]

1.e4 c5 2.Nf3 Nc6 3.d4 cxd4 4.Nxd4 e6 5.Nc3 Qc7 6.Be3 a6 7.Qd2 Nf6 8.f3 h5
9.O-O-O Be7 10.Kb1 b5 11.Bd3 Bb7 12.h3 h4 13.Rhe1 Ne5 14.Bf4 d6 15.Bxb5+ axb5
16.Ndxb5 Qa5 17.Qd4 Rc8 18.Bxe5 dxe5 19.Qxe5 O-O 20.Qf4 Ba6 21.Nd6 Rxc3 22.bxc3 Rb8+
23.Kc1 Qa3+ 24.Kd2 Bxd6 25.e5 Nd5 26.Qd4 Bc5  0-1

[Event "Hastings Masters 2011-12"]
[Site "Hastings ENG"]
[Date "2012.01.05"]
[Round "9.7"]
[White "Vovk,A"]
[Black "Das,Arg"]
[Result "0-1"]
[WhiteElo "2551"]
[BlackElo "2470"]

1.e4 c5 2.Nf3 e6 3.d4 cxd4 4.Nxd4 Nc6 5.Nc3 Qc7 6.Be3 a6 7.Qd2 Nf6 8.O-O-O Be7
9.f3 O-O 10.g4 b5 11.g5 Nh5 12.Nce2 Rd8 13.f4 g6 14.Nb3 Ng7 15.h4 d5 16.e5 d4
17.Nexd4 Bb7 18.Rh3 Nf5 19.h5 Ncxd4 20.Bxd4 Nxd4 21.Nxd4 Qb6 22.Qh2 Rxd4
23.Bd3 Rxd3 24.Rhxd3 Be4 25.Rd4 Bf5 26.Rd7 Bf8 27.h6 Rc8 28.R7d2 Bb4 29.Rf2 Bc5
30.Rg2 Be4 31.Rg3 Be3+ 32.Kb1 Qc5 33.Ka1 Bxf4 34.Rc3 Qxc3 35.Qxf4 Qxc2 36.Rf1 Bf5  0-1

[Event "5th Costa Viola Open A"]
[Site "Palmi ITA"]
[Date "2012.01.05"]
[Round "8"]
[White "Furnari,Franco"]
[Black "Marzaduri,Marco R."]
[Result "1/2-1/2"]
[WhiteElo "1910"]
[BlackElo "1848"]

1.e4 c5 2.Nf3 Nc6 3.d4 cxd4 4.Nxd4 e6 5.Nc3 a6 6.a3 Qc7 7.Be3 Nf6 8.Bd3 d6
9.h3 Bd7 10.Qd2 Ne5 11.O-O Rc8 12.f4 Nc4 13.Bxc4 Qxc4 14.Qd3 Qxd3 15.cxd3 Be7
16.Rac1 O-O 17.Nce2 e5 18.fxe5 dxe5 19.Nf3 Bd6 20.Rxc8 Rxc8 21.Rc1 Rxc1+
22.Nxc1 Bb5 23.Kf2 Kf8 24.Ne1 Ke7 25.Na2 Nd7 26.Nc3 Bc6 27.Nc2 Nf6 28.Kf3 b5
29.d4 exd4 30.Nxd4 Bd7 31.Bg5 Be5 32.Nd5+ Kd6 33.Bxf6 gxf6 34.Ke3 f5 35.Nb4 a5
36.Nd3 fxe4 37.Kxe4 f6 38.g4 h6 39.Nxe5 fxe5 40.Nf5+ Bxf5+ 41.gxf5 a4 42.f6 Ke6
43.f7 Kxf7 44.Kxe5 Kg6 45.Kd5 Kh5 46.Kc5 Kh4 47.Kxb5 Kxh3 48.Kxa4 h5 49.b4 h4
50.b5 Kg4 51.b6 h3 52.b7 h2 53.b8=Q h1=Q 54.Qc8+ Kf4 55.Qc4+  1/2-1/2

[Event "Donostia GpC"]
[Site "San Sebastian ESP"]
[Date "2012.01.05"]
[Round "6.4"]
[White "Sanz Alonso,F"]
[Black "Kunin,V"]
[Result "0-1"]
[WhiteElo "2386"]
[BlackElo "2559"]

1.e4 c5 2.Nf3 e6 3.d4 cxd4 4.Nxd4 Nc6 5.Nc3 Qc7 6.Be2 a6 7.O-O Nf6 8.Be3 Bb4
9.Na4 Rb8 10.Nxc6 bxc6 11.Bd3 d5 12.exd5 cxd5 13.c4 Bb7 14.cxd5 Nxd5 15.Bd4 Nf4
16.f3 O-O 17.a3 Be7 18.Rc1 Qd8 19.Bc4 Bc6 20.Bxa6 Bxa4 21.Qxa4 Ra8 22.Bxg7 Qd2
23.Qc2 Qxc2 24.Rxc2 Kxg7 25.Bb7 Rab8 26.Bc6 Rfc8 27.Rd1 Rb6  0-1

[Event "4th Chennai Open"]
[Site "Chennai IND"]
[Date "2012.01.06"]
[Round "5"]
[White "Shashikant,K"]
[Black "Himanshu,Sh"]
[Result "0-1"]
[WhiteElo "2289"]
[BlackElo "2408"]

1.e4 c5 2.Nf3 e6 3.d4 cxd4 4.Nxd4 Nc6 5.Nc3 Qc7 6.Be2 a6 7.O-O Nf6 8.Be3 Bb4
9.Na4 Be7 10.Nxc6 bxc6 11.Nb6 Rb8 12.Nxc8 Qxc8 13.e5 Nd5 14.Bc1 Bc5 15.c4 Ne7
16.b3 Qc7 17.Bb2 Ng6 18.Kh1 O-O 19.Bd3 d6 20.exd6 Bxd6 21.c5 Bxc5 22.Bxa6 Qa5
23.Bc4 Rfd8 24.Qf3 Bd4 25.Bxd4 Rxd4 26.a4 c5 27.Bb5 Ne7 28.Rfc1 Rd5 29.Qc3 Rd1+  0-1

[Event "4th Chennai Open"]
[Site "Chennai IND"]
[Date "2012.01.06"]
[Round "5"]
[White "Nitin,S"]
[Black "Vaibhav,S"]
[Result "0-1"]
[WhiteElo "2399"]
[BlackElo "2448"]

1.e4 c5 2.Nf3 e6 3.d4 cxd4 4.Nxd4 Nc6 5.Nc3 Qc7 6.Be2 a6 7.O-O Nf6 8.Be3 Be7
9.f4 d6 10.a4 O-O 11.Nb3 b6 12.g4 d5 13.e5 Ne4 14.Nxe4 dxe4 15.c3 Rd8 16.Qe1 Na5
17.Nd4 Nc4 18.Bxc4 Qxc4 19.f5 Qc7 20.Qg3 Rd5 21.Rad1 Bd7 22.Qf2 Rf8 23.f6 gxf6
24.exf6 Bc5 25.c4 Rd6 26.Qf4 Kh8 27.Kh1 Rg8 28.Qe5 Qb7 29.a5 Ba4 30.Rd2 Rdd8
31.h3 Bd6 32.Qh5 Bb4 33.Re2 bxa5 34.Nxe6 fxe6 35.f7 Rg7 36.Bd4 Bf8 37.Bxg7+ Bxg7
38.Qxa5 e3+ 39.Kg1 Qd7 40.Qxa6 Bc6 41.b4 Qd6 42.f8=Q+ Bxf8 43.Qa1+ Bg7 44.Qe1 Ba8
45.Qh4 Rc8 46.b5 Qd4  0-1

[Event "17th Bosnjaci Open"]
[Site "Bosnjaci CRO"]
[Date "2012.01.07"]
[Round "7.11"]
[White "Mravunac,D"]
[Black "Andrijevic,M"]
[Result "0-1"]
[WhiteElo "2211"]
[BlackElo "2338"]

1.e4 c5 2.Nf3 e6 3.d4 cxd4 4.Nxd4 Nc6 5.Nc3 Qc7 6.a3 a6 7.Nxc6 bxc6 8.Bd3 Nf6
9.Qe2 d6 10.b3 Be7 11.Bb2 e5 12.h3 a5 13.g4 Be6 14.g5 Nd7 15.h4 O-O 16.O-O-O Nc5
17.Bc4 Qb6 18.Rdg1 Bxc4 19.Qxc4 Qa6 20.Qxa6 Rxa6 21.Rg4 Ne6 22.Ne2 f5 23.gxf6 Rxf6
24.Rh2 Ra8 25.Ng3 Rf4 26.Rxf4 Nxf4 27.Nf5 Bf8 28.Kd1 g6 29.Ne3 Kf7 30.a4 Ke6
31.Nc4 Be7 32.Bc3 Bd8 33.Bd2 Nh5 34.Be3 d5 35.Nb2 Be7 36.exd5+ cxd5 37.Bd2 e4
38.f3 exf3 39.Nd3 Bd6 40.Rf2 Bg3 41.Rxf3 Bxh4 42.Nc5+ Ke5 43.Rf7 Nf6 44.Nb7 Ke6
45.Rc7 h5 46.Bxa5 Bg3 47.Rc6+ Kf5 48.Bc3 Ne4 49.Bd4 h4 50.Bg1 h3 51.Ke2 h2
52.Bxh2 Bxh2 53.a5 Be5 54.a6 g5 55.b4 g4 56.c4 dxc4 57.Ke3 Bf4+ 58.Kd4 g3
59.Kxc4 g2 60.b5 g1=Q  0-1

[Event "Grand Prix Pyramides FFE KO"]
[Site "Le Port-Marly FRA"]
[Date "2012.01.08"]
[Round "1.2"]
[White "Fier,A"]
[Black "Tregubov,P"]
[Result "1/2-1/2"]
[WhiteElo "2603"]
[BlackElo "2599"]

1.e4 c5 2.Nf3 Nc6 3.d4 cxd4 4.Nxd4 e6 5.Nc3 a6 6.Be2 Qc7 7.O-O Nf6 8.Be3 Bb4
9.Na4 Bd6 10.g3 b5 11.Nb6 Rb8 12.Nxc8 Rxc8 13.a4 Nxd4 14.Bxd4 e5 15.Be3 Bc5
16.Bxc5 Qxc5 17.axb5 axb5 18.Ra5 O-O 19.c3 Rb8 20.Qd3 Qc6 21.Rxb5 Rxb5 22.Qxb5 Qxe4
23.Bd3 Qf3 24.Be2 Qa8 25.Qxe5 Re8 26.Qb5 Rb8 27.Qd3 Rxb2 28.Rb1 Qa2 29.Rxb2 Qxb2
30.Bf3 h5 31.h4 Qa3 32.Qd4 d6 33.Kg2 Kf8 34.Qb4 Qxb4 35.cxb4 Ke7 36.Kf1 d5
37.Ke2 Kd6 38.Kd3 Ke5 39.b5 g6 40.b6 Nd7 41.Bg2 Nxb6 42.f4+ Kd6 43.Kd4 Ke6
44.Bh3+ Kf6 45.Bg2 Ke6 46.Bh3+ Kd6 47.Bg2 f6 48.Bf3 Ke6 49.g4 hxg4 50.Bxg4+ Kd6
51.Bf3 f5 52.Bg2 Ke6 53.Kc5 Nd7+ 54.Kd4 Nf6 55.Kc5 Nh5 56.Bxd5+ Kf6 57.Bf3 Nxf4
58.Kd4 Ne6+ 59.Kd5 Ng7 60.Kd4 Ke6 61.Bd5+ Kf6 62.Bf3 Ke6 63.Bd5+ Kd6 64.Bf7 Ne6+
65.Ke3 Nf8 66.Kf4 Ke7 67.Bxg6  1/2-1/2

[Event "4th Chennai Open"]
[Site "Chennai IND"]
[Date "2012.01.09"]
[Round "8"]
[White "Oleksienko,M"]
[Black "Himanshu,Sh"]
[Result "1-0"]
[WhiteElo "2563"]
[BlackElo "2408"]

1.e4 c5 2.Nf3 e6 3.d4 cxd4 4.Nxd4 Nc6 5.Nc3 Qc7 6.Be2 a6 7.O-O Nf6 8.Kh1 Nxd4
9.Qxd4 Bc5 10.Qd2 b5 11.Qg5 O-O 12.e5 Ne8 13.Bd3 f5 14.Bf4 Bb7 15.Qg3 Rc8
16.a4 b4 17.Ne2 d5 18.a5 Bc6 19.Be3 Bb5 20.Bxb5 axb5 21.a6 Rf7 22.Nf4 Re7
23.Nd3 Bxe3 24.Qxe3 Qc4 25.b3 Qc3 26.Qb6 Nc7 27.Qd6 Ree8 28.Ra2 d4 29.a7 Nd5
30.a8=Q Rxa8 31.Rxa8 Rxa8 32.Qxe6+ Kf8 33.Qxd5 Ra1 34.Kg1  1-0

[Event "Andranik Margaryan Memorial 2012"]
[Site "Yerevan ARM"]
[Date "2012.01.09"]
[Round "2"]
[White "Idani,P"]
[Black "Nadanian,A"]
[Result "1-0"]
[WhiteElo "2448"]
[BlackElo "2432"]

1.e4 c5 2.Nf3 e6 3.d4 cxd4 4.Nxd4 Nc6 5.Nc3 d6 6.Be3 Nf6 7.Qd2 Be7 8.f3 a6
9.O-O-O Qc7 10.g4 Ne5 11.g5 Nfd7 12.f4 Nc4 13.Bxc4 Qxc4 14.f5 Ne5 15.f6 gxf6
16.gxf6 Bf8 17.Bf4 Ng6 18.Bxd6 Bd7 19.Bxf8 Nxf8 20.Nf3 Qc7 21.Rhg1 b5 22.a3 a5
23.Qg5 Rc8 24.Ne5 b4 25.Nxf7 h6 26.Nd6+ Kd8 27.Qg7  1-0

[Event "ITT Homenaje Maestros Predecesore"]
[Site "Asuncion PAR"]
[Date "2012.01.11"]
[Round "3.5"]
[White "Espinoza Palomino,W"]
[Black "Vazquez,Guillermo"]
[Result "1/2-1/2"]
[WhiteElo "2361"]
[BlackElo "2273"]

1.e4 c5 2.Nf3 e6 3.d4 cxd4 4.Nxd4 Nc6 5.Nc3 Qc7 6.Be2 a6 7.Be3 Nf6 8.O-O Bb4
9.Na4 Be7 10.Nxc6 bxc6 11.Nb6 Rb8 12.Nxc8 Qxc8 13.Bd4 O-O 14.Qd3 Qc7 15.b3 e5
16.Bb2 a5 17.Bf3 Bc5 18.Qc4 d6 19.a3 Rfd8 20.Rad1 Qa7 21.Rd2 Rbc8 22.Qe2 Qb6
23.Rfd1 h6 24.g3 Re8 25.Bg2 Rc7 26.h3  1/2-1/2

[Event "4th Chennai Open"]
[Site "Chennai IND"]
[Date "2012.01.11"]
[Round "10"]
[White "Dzhumaev,M"]
[Black "Sethuraman,S"]
[Result "1-0"]
[WhiteElo "2481"]
[BlackElo "2529"]

1.e4 c5 2.Nf3 e6 3.Nc3 Nc6 4.d4 cxd4 5.Nxd4 Qc7 6.Be3 a6 7.Qd2 Nf6 8.f3 Bb4
9.O-O-O O-O 10.g4 b5 11.g5 Ne8 12.Nxc6 dxc6 13.f4 e5 14.f5 Nd6 15.Bd3 c5
16.a3 Bxc3 17.Qxc3 c4 18.Qxe5 Re8 19.Qc3 Nxf5 20.Bd2 Bb7 21.Rhf1 Nh4 22.e5 Nf3
23.Bf4 g6 24.Be2 Nxe5 25.Bg4 Qc5 26.b4 Qe7 27.Rde1 Nxg4 28.Rxe7 Rxe7 29.h3 Re2
30.hxg4 Be4 31.Bd2 Rd8 32.Qf6 Rd7 33.Rf2  1-0

[Event "37th Seville Open"]
[Site "Seville ESP"]
[Date "2012.01.11"]
[Round "5"]
[White "Perez Garcia,Rob"]
[Black "Fernandez Romero,Ern"]
[Result "1/2-1/2"]
[WhiteElo "2185"]
[BlackElo "2471"]

1.e4 c5 2.Nf3 e6 3.d4 cxd4 4.Nxd4 Nc6 5.Nc3 Qc7 6.Be3 a6 7.Be2 Nf6 8.O-O Bb4
9.Na4 Be7 10.Nxc6 bxc6 11.Nb6 Rb8 12.Nxc8 Qxc8 13.Bd4 Nxe4 14.Bxg7 Rg8 15.Be5 d6
16.Qd3 f5 17.Bh5+ Kf8 18.Bc3 c5 19.Rae1 c4 20.Qe3 Nxc3 21.Qh6+ Rg7 22.bxc3 e5
23.Rb1 Rxb1 24.Rxb1 Kg8 25.Qd2 Qd8 26.g3 Kh8 27.Qh6 Qc8 28.Qd2 Qa8 29.Qh6 Qc8
30.Qd2  1/2-1/2

[Event "11th Prague Open A"]
[Site "Prague CZE"]
[Date "2012.01.14"]
[Round "2"]
[White "Vea,O"]
[Black "Bernadskiy,V"]
[Result "0-1"]
[WhiteElo "2233"]
[BlackElo "2462"]

1.e4 c5 2.Nf3 e6 3.d4 cxd4 4.Nxd4 Nc6 5.Nc3 Qc7 6.g3 a6 7.Bg2 d6 8.O-O Bd7
9.b3 Nxd4 10.Qxd4 Be7 11.Bb2 Bf6 12.Qb4 Rc8 13.Nd1 a5 14.Qa3 b5 15.Bxf6 Nxf6
16.Ne3 b4 17.Qb2 Bb5 18.Rfd1 Ke7 19.a3 Qc5 20.axb4 axb4 21.Ra5 Qb6 22.Qa1 Rhd8
23.Rd4 Ra8 24.Rxa8 Rxa8 25.Qxa8 Qxd4 26.Qb7+ Bd7 27.h3 Qa1+ 28.Kh2 Qe1 29.Qb6 Ne8
30.Nc4 Qc3 31.Ne3 h5 32.Qa5 g6 33.Qg5+ Kf8 34.Bf1 Bc6 35.Qf4 Qd4 36.Bg2 Kg7
37.Nc4 e5 38.Qe3 Qxe3 39.Nxe3 Nf6 40.f3 d5 41.exd5 Nxd5 42.Nc4 Kf6 43.Kg1 Ke6
44.Kf2 f5 45.Ne3 Nxe3 46.Kxe3 g5 47.Bf1 f4+ 48.gxf4 exf4+ 49.Kf2 Ke5 50.Bc4 Bd7
51.h4 gxh4 52.Ke1 Bf5 53.Kd2 h3 54.Bf1 h2 55.Bg2 Kd4  0-1

[Event "10th Parsvnath Open"]
[Site "New Delhi IND"]
[Date "2012.01.15"]
[Round "1"]
[White "Thipsay,P"]
[Black "Ravindra,D"]
[Result "1-0"]
[WhiteElo "2435"]
[BlackElo "1732"]

1.e4 c5 2.Nf3 Nc6 3.Nc3 e6 4.d4 cxd4 5.Nxd4 a6 6.Be2 Be7 7.Be3 b5 8.Nxc6 dxc6
9.Qxd8+ Bxd8 10.e5 Ba5 11.a4 Bb7 12.O-O Bxc3 13.bxc3 Ne7 14.c4 b4 15.a5 c5
16.Bxc5 Nc6 17.f4 O-O-O 18.Bd6 Nd4 19.Bd3 b3 20.c3 Nf5 21.Bxf5 exf5 22.Rfb1 Rhg8
23.Rxb3 Be4 24.Rd1 Bc2 25.Rb8+ Kd7 26.Rb7+ Kc8 27.Rc7+ Kb8 28.Rd2 Be4 29.Rb2+ Ka8
30.Bc5  1-0

[Event "10th Parsvnath Open"]
[Site "New Delhi IND"]
[Date "2012.01.15"]
[Round "1"]
[White "Deepan,C"]
[Black "Mukesh,C"]
[Result "1-0"]
[WhiteElo "2495"]
[BlackElo "1779"]

1.e4 c5 2.Nf3 Nc6 3.Nc3 e6 4.d4 cxd4 5.Nxd4 a6 6.Be3 Nf6 7.Bd3 Be7 8.O-O d5
9.exd5 Nxd5 10.Nxd5 Qxd5 11.c4 Qd6 12.Nxc6 Qxc6 13.Qc2 Bd7 14.c5 Qc7 15.b4 g6
16.Qb2 e5 17.f4 Bf6 18.Bd2 b6 19.fxe5 Bg7 20.Bc3 O-O 21.e6 Bxc3 22.exf7+ Rxf7
23.Qxc3 bxc5 24.Rxf7 Kxf7 25.Rf1+ Ke6 26.Bc4+  1-0

[Event "37th Seville Open"]
[Site "Seville ESP"]
[Date "2012.01.15"]
[Round "9"]
[White "Fernandez Martos Gutierrez,E"]
[Black "Malakhatko,V"]
[Result "0-1"]
[WhiteElo "2133"]
[BlackElo "2524"]

1.e4 c5 2.Nf3 e6 3.d4 cxd4 4.Nxd4 Nc6 5.Nc3 Qc7 6.Be3 a6 7.Qd2 Nf6 8.O-O-O Be7
9.f3 h5 10.Kb1 d6 11.Bd3 Ne5 12.Rhf1 Nc4 13.Bxc4 Qxc4 14.f4 b5 15.e5 dxe5
16.fxe5 b4 17.Na4 Nd5 18.Qf2 O-O 19.Bc1 Bd7 20.b3 Qc7  0-1

[Event "37th Seville Open"]
[Site "Seville ESP"]
[Date "2012.01.15"]
[Round "9"]
[White "Campora,D"]
[Black "Mirzoev,A"]
[Result "0-1"]
[WhiteElo "2490"]
[BlackElo "2523"]

1.e4 c5 2.Nf3 Nc6 3.d4 cxd4 4.Nxd4 e6 5.Nc3 Qc7 6.g3 a6 7.Bg2 d6 8.O-O Nf6
9.a4 Be7 10.Be3 O-O 11.f4 Na5 12.Kh1 Nc4 13.Bc1 Re8 14.b3 Na5 15.Qd3 Nd7
16.Bb2 b6 17.g4 Bb7 18.g5 Bf8 19.Rad1 Nc6 20.Nde2 Nb4 21.Qd2 Rac8 22.Rc1 Nc6
23.Ng3 Qb8 24.h4 b5 25.axb5 axb5 26.Nd1 d5 27.exd5 exd5 28.Ne3 d4 29.Nef5 Nc5
30.Nxd4 Nxd4 31.Bxd4 Red8 32.Qf2 Bxg2+ 33.Kxg2 Qb7+ 34.Kh2 Qd7 35.Be3 Re8
36.Qf3 Ne6 37.Rfd1 Qc7 38.c4 bxc4 39.bxc4 Bc5 40.Bxc5 Nxc5 41.Rd5 Ne6 42.Nh5 Qb6
43.Rc2 Ra8 44.Re2 Qb1 45.Qf2 Ra1 46.Ng3 Rc8 47.f5 Nf8 48.Rd4 Ra3 49.Ne4 Ra1
50.Qg2 Qc1 51.Nd6 Rd8 52.Red2 Qe1 53.Re4 Qc1 54.h5 Qc3 55.g6 hxg6 56.hxg6 fxg6
57.Red4 Rxd6 58.Rxd6 Qe5+ 59.Kh3 Qxf5+ 60.Kg3 Ra3+ 61.Kh2 Qf4+ 62.Kh1 Qh4+  0-1

[Event "TCh-SVK Extraliga 2011-12"]
[Site "Slovakia SVK"]
[Date "2012.01.15"]
[Round "6"]
[White "Meszaros,Mi"]
[Black "Mrva,Mart"]
[Result "1-0"]
[WhiteElo "2377"]
[BlackElo "2470"]

1.e4 c5 2.Nf3 e6 3.d4 cxd4 4.Nxd4 Nc6 5.Nc3 d6 6.Be3 Nf6 7.Qd2 Be7 8.f3 a6
9.O-O-O h5 10.h3 Bd7 11.Bd3 e5 12.Nxc6 Bxc6 13.Bc4 b5 14.Bb3 Rc8 15.Kb1 Qc7
16.Rc1 Qb7 17.Rhd1 O-O 18.g4 b4 19.Nd5 Nxd5 20.Bxd5 Bxd5 21.Qxd5 Qxd5 22.Rxd5 Rc6
23.Bd2 Rb8 24.c3 b3 25.axb3 Rxb3 26.Kc2 Rb8 27.Ra1 Bd8 28.b3 Kh7 29.gxh5 Bc7
30.c4 f5 31.Ba5 Bxa5 32.Rdxa5 Rbb6 33.exf5 Kg8 34.Rg1 Kf7 35.Rg6 Rc8 36.Rxe5 Rcb8
37.Re3 Rh8 38.c5 Rc8 39.Rc3 Rb5 40.cxd6 Rxc3+ 41.Kxc3 Rxf5 42.d7 Rd5 43.Rxa6 Rxd7
44.h6 Rc7+ 45.Kd4 Rd7+ 46.Kc5 gxh6 47.Rxh6 Rd3 48.b4 Rxf3 49.Rd6 Ke7 50.Rd4 Rxh3
51.b5 Rh8 52.Kc6  1-0

[Event "20th Fajr Open"]
[Site "Tabriz IRI"]
[Date "2012.01.17"]
[Round "8.6"]
[White "Khalesi,V"]
[Black "Rasulov,Vu"]
[Result "0-1"]
[WhiteElo "2212"]
[BlackElo "2537"]

1.e4 c5 2.Nf3 e6 3.d4 cxd4 4.Nxd4 Nc6 5.Nc3 d6 6.Be3 Nf6 7.Be2 Be7 8.O-O O-O
9.f4 a6 10.a4 Qc7 11.Qe1 Bd7 12.Kh1 Kh8 13.Qg3 Nb4 14.Bd3 Rac8 15.a5 Bc6
16.Qh3 Nd7 17.Nxc6 bxc6 18.Ra4 c5 19.e5 Nxd3 20.exd6 Qxd6 21.cxd3 f5 22.Qf3 Rb8
23.Qe2 Rb4 24.Rxb4 cxb4 25.Na4 Bd8 26.d4 Bxa5 27.Nc5 Nb8 28.Ra1 Bb6 29.Nxa6 Bxd4
30.Bxd4 Qxd4 31.Nc7 Qb6 32.Nxe6 Re8 33.Re1 Nd7 34.Qh5 g6 35.Qe2 Qd6 36.b3 Re7
37.g4 fxg4 38.Rd1 Qc6+ 39.Qg2 Qxe6  0-1

[Event "10th Parsvnath Open"]
[Site "New Delhi IND"]
[Date "2012.01.19"]
[Round "7.7"]
[White "Saptarshi,R"]
[Black "Kunte,A"]
[Result "0-1"]
[WhiteElo "2378"]
[BlackElo "2548"]

1.e4 c5 2.Nf3 e6 3.d4 cxd4 4.Nxd4 Nc6 5.Nc3 Qc7 6.g3 a6 7.Bg2 Nf6 8.O-O d6
9.a4 Be7 10.Nb3 b6 11.f4 Bb7 12.Qe2 O-O 13.g4 Rfe8 14.g5 Nd7 15.Be3 Nb4 16.Rad1 Bf8
17.Qf2 Rad8 18.Rd2 g6 19.f5 Nc5 20.Nxc5 bxc5 21.Bf4 Nc6 22.Qh4 Nd4 23.f6 Qb6
24.Nd1 e5 25.c3 Nb3 26.Re2 d5 27.Bg3 dxe4 28.Ne3 Nd2 29.Ng4 h5 30.gxh6 Nxf1
31.h7+ Kh8 32.Nxe5 Rxe5 33.Bxe5 Nd2  0-1

[Event "10th Parsvnath Open"]
[Site "New Delhi IND"]
[Date "2012.01.19"]
[Round "7.44"]
[White "Rishi,T"]
[Black "Gusain,H"]
[Result "0-1"]
[WhiteElo "2053"]
[BlackElo "2259"]

1.e4 c5 2.Nf3 Nc6 3.d4 cxd4 4.Nxd4 e6 5.Nc3 a6 6.a3 Qc7 7.Be3 Nf6 8.Be2 b5
9.f4 b4 10.axb4 Bxb4 11.Bf3 Bb7 12.Ne2 Na5 13.Qd4 Nc4 14.Bf2 Rc8 15.Ra4 Bxc3+
16.Qxc3 Bxe4 17.Bxe4 Nxe4 18.Qxg7 Nxf2 19.Qxh8+ Ke7 20.Qxh7 Nxh1 21.Qh4+ Kd6
22.Rxa6+ Kc5 23.Qe7+ d6 24.Qxc7+ Rxc7 25.Kf1 Nxb2 26.Kg1 Kd5 27.c3 Ke4 28.Kxh1 Ke3
29.Ra2 Kxe2 30.Rxb2+ Ke3 31.f5 Rxc3 32.Rb1 e5 33.f6 d5 34.Kg1 d4 35.Re1+  0-1

[Event "Frauenbundesliga 2011-12"]
[Site "Germany GER"]
[Date "2012.01.21"]
[Round "6.1"]
[White "Bodnaruk,A"]
[Black "Majdan,J"]
[Result "1-0"]
[WhiteElo "2417"]
[BlackElo "2386"]

1.e4 c5 2.Nc3 Nc6 3.Nge2 e6 4.d4 cxd4 5.Nxd4 Qc7 6.g3 a6 7.Bg2 Nf6 8.O-O d6
9.Re1 Be7 10.Nxc6 bxc6 11.e5 dxe5 12.Rxe5 O-O 13.Bf4 Qb7 14.Na4 Nd5 15.Bd2 Bf6
16.Re4 a5 17.Rb1 Rd8 18.c4 Nb4 19.a3 Nd3 20.Qc2 Qc7 21.Bc3 Ne5 22.Nc5 Qd6
23.b4 axb4 24.axb4 Ra3 25.Bb2 Nf3+ 26.Bxf3 Rxf3 27.Bxf6 Rxf6 28.Ree1 Qc7
29.f4 Rf5 30.Rbd1 e5 31.Rxd8+ Qxd8 32.Rd1 Qe7 33.Qd3 Be6 34.Qd8+ Qf8 35.Qc7  1-0

[Event "Frauenbundesliga 2011-12"]
[Site "Germany GER"]
[Date "2012.01.21"]
[Round "6.2"]
[White "Leks,M"]
[Black "Schleining,Z"]
[Result "0-1"]
[WhiteElo "2108"]
[BlackElo "2326"]

1.e4 c5 2.Nf3 e6 3.d4 cxd4 4.Nxd4 Nc6 5.Nc3 Qc7 6.Ndb5 Qb8 7.Be3 a6 8.Bb6 axb5
9.Nxb5 Bb4+ 10.c3 Ba5 11.Nc7+ Qxc7 12.Bxc7 Bxc7 13.Qg4 Kf8 14.Bb5 Nge7 15.O-O g6
16.a4 Kg7 17.Qe2 d5 18.f3 e5 19.exd5 Nxd5 20.Rfd1 Be6 21.Bxc6 bxc6 22.a5 Rhb8
23.g3 Kg8 24.c4 Nb4 25.b3 c5 26.Kh1 Nc6 27.a6 Ra7 28.Qe4 Nd4 29.Ra3 Rb6 30.g4 Bd6
31.Rda1 Bd7 32.Qd3 Nxf3 33.Kg2 Nd4 34.h3 e4 35.Qd1 e3 36.Qd3 Bc6+ 37.Kf1 Bf4
38.b4 Rxb4 39.Rb1 e2+ 40.Kf2 Bd2 41.Raa1 Rxb1 42.Rxb1 e1=Q+ 43.Rxe1 Bxe1+
44.Kxe1 Rxa6 45.g5 Ra1+ 46.Kf2 Ra2+ 47.Ke1 Ra3  0-1

[Event "11th Marienbad GMA"]
[Site "Marianske Lazne CZE"]
[Date "2012.01.21"]
[Round "1"]
[White "Kargin,A"]
[Black "Wieczorek,O"]
[Result "1/2-1/2"]
[WhiteElo "2424"]
[BlackElo "2336"]

1.e4 c5 2.Nf3 e6 3.d4 cxd4 4.Nxd4 Nc6 5.Nc3 Qc7 6.Be3 a6 7.Qd2 Nf6 8.O-O-O Be7
9.f3 h5 10.Nxc6 bxc6 11.Bf4 e5 12.Bg5 d6 13.Bc4 a5 14.h3 a4 15.a3 Be6 16.Qd3 Qb7
17.f4 Bxc4 18.Qxc4 exf4 19.Bxf4 O-O 20.Bxd6 Bxd6 21.Rxd6 Rfb8 22.Nd1 c5 23.Re1 Re8
24.Nc3 Reb8 25.Qa2 Re8 26.Qc4 Reb8 27.Nd1 Re8 28.e5 Qxg2 29.Qh4 Nh7 30.Qxh5 Qg5+
31.Qxg5 Nxg5 32.Re3 g6 33.Nc3 Kg7 34.h4 Ne6 35.Re4 Nd4 36.Rd5 Rec8 37.Rd7 Ra6
38.Rf4 Rf8 39.Kd2 Raa8 40.Ne4 Ne6 41.Rf6 Rad8 42.Rd6 Rh8 43.Ke3 Nd4 44.Rxd8 Rxd8
45.Nd6 Rd7 46.c3 Ne6 47.Nxf7 Nc7 48.e6 Re7 49.Rf2 Nxe6 50.Nd6 Nd8+ 51.Ne4 Nc6
52.Rg2 Kh6 53.Kf4 c4 54.Rg5 Rf7+ 55.Ke3 Rb7 56.Rc5 Ne7 57.Rxc4 Rxb2 58.Rxa4 Nf5+
59.Kd3 Nxh4 60.c4 Rb3+ 61.Nc3 g5 62.c5 Nf3 63.c6 Ne5+ 64.Kc2 Rb8 65.c7 Rc8
66.Nd5 Kg7 67.Rb4 Nd7 68.Rg4 Nf6 69.Rxg5+ Kh6 70.Rf5 Nxd5 71.Rxd5 Rxc7+ 72.Kb3 Kg6
73.Kb4 Kf6 74.Kb5 Ke6 75.Rd3 Rb7+ 76.Kc6 Ra7 77.Re3+ Kf5 78.Kb6 Ra8 79.Kb7 Ra4
80.Kc6 Kf4 81.Rh3 Ke5 82.Kb5 Rd4 83.Rh6 Rd1 84.a4 Rb1+ 85.Kc5 Rc1+ 86.Kb6 Rb1+
87.Ka6 Kd5 88.a5 Kc5 89.Ka7 Rg1 90.Rb6 Rg7+ 91.Rb7 Rg8 92.Rh7 Kc6 93.Rh6+ Kc7
94.Rh1 Rg6 95.Rc1+ Rc6 96.Rb1 Rc2 97.Rb5 Rc1 98.Rh5 Rc2 99.Rh7+ Kc8 100.Kb6 Rb2+
101.Kc6 Kb8 102.Kc5 Ka8 103.Rh6 Ka7 104.Rb6 Rc2+ 105.Kb5  1/2-1/2

[Event "10th Parsvnath Open"]
[Site "New Delhi IND"]
[Date "2012.01.21"]
[Round "9.7"]
[White "Deepan,C"]
[Black "Himanshu,Sh"]
[Result "1-0"]
[WhiteElo "2495"]
[BlackElo "2408"]

1.e4 c5 2.Nf3 e6 3.d4 cxd4 4.Nxd4 Nc6 5.Nc3 Qc7 6.Be3 a6 7.Qd2 Nf6 8.f3 Bb4
9.g4 h6 10.O-O-O Ne5 11.Kb1 Bxc3 12.bxc3 d5 13.g5 hxg5 14.Bxg5 Nxf3 15.Nxf3 Nxe4
16.Qd4 Qxc3 17.Qxe4 f6 18.Qg6+ Kf8 19.Bd2 Qxf3 20.Bb4+ Kg8 21.Bd3 Qh5 22.Qg3 e5
23.Rhg1 Qf7 24.Bg6 Qc7 25.Rxd5 Rh3 26.Qg2 Be6 27.Rd6 Rh4 28.Ba3 Rg4 29.Qf1 Bxa2+
30.Kb2 Bc4 31.Qh3 Rxg6 32.Rxg6 Bf7 33.Rg3 Qc4 34.Qg2 Qa2+ 35.Kc1 Qa1+ 36.Kd2 Rc8
37.Rxg7+ Kh8 38.Rxf7 Qc3+ 39.Kd1 Rg8 40.Qf2  1-0

[Event "ch-Belgrade w 2012"]
[Site "Belgrade SRB"]
[Date "2012.01.23"]
[Round "2.3"]
[White "Milanovic,Ma"]
[Black "Miladinovic,L"]
[Result "1-0"]
[WhiteElo "1868"]
[BlackElo "2078"]

1.e4 c5 2.Nf3 e6 3.d4 cxd4 4.Nxd4 Nc6 5.Nc3 Qc7 6.Be2 Nf6 7.O-O Be7 8.Be3 O-O
9.f4 d6 10.Qe1 Nxd4 11.Bxd4 e5 12.fxe5 dxe5 13.Qg3 Bd6 14.Be3 Ne8 15.Rad1 a6
16.Nd5 Qxc2 17.Rd2 Qxe4 18.Rf6 Kh8 19.Bf3 Qb1+ 20.Rd1 Qxb2 21.Qh4 Nxf6 22.Nxf6 Bf5
23.Rxd6 e4 24.Bxe4 Bxe4 25.Qxe4 Qa1+ 26.Kf2 gxf6 27.Bd4 Qxa2+ 28.Kg1 Rfc8
29.Bxf6+ Kg8 30.Qg4+ Kf8 31.Qg7+ Ke8 32.Qg8+  1-0